00489cam a22001697 4500001001300000003000400013005001700017008004100034010001700075040001800092050001200110100003300122245010900155260002800264300001000292999001700302ltf90004878 DLC20260227111550.0901030s1876 gw 000 0 ger  altf90004878  aDLCcDLCdDLC00a4BS 2211 aSiegfried, Carl,d1830-1903.14aDie Aufgabe der Geschichte der Alttestamentlichen Auslegung in der Gegenwart.bAkademische Antrittsrede. aJena,bH. Dufft,c1876. a20 p. c37326d37326